[Event "Florianopolis op 10th"]
[Site "Florianopolis"]
[Date "2024.01.20"]
[Round "1"]
[White "Antunes, Luan Netto Nikifork"]
[Black "Vitielo, Alecio Elias"]
[Result "1/2-1/2"]
[WhiteElo "1797"]
[BlackElo "1768"]
[PlyCount "53"]
[EventDate "2024.01.20"]
[EventType "swiss"]
[EventRounds "10"]
[EventCountry "BRA"]
[SourceTitle "EXT 2025"]
[Source "ChessBase"]
[SourceDate "2024.10.14"]
[SourceVersion "1"]
[SourceVersionDate "2024.10.14"]
[SourceQuality "1"]

1. e4 d5 2. exd5 Nf6 3. d4 Bg4 4. Be2 Bxe2 5. Nxe2 Qxd5 6. 0-0 e6 7. Nbc3 Qd7 8. Bf4 Na6 9. Re1 Be7 10. Ng3 0-0 11. Nce4 Nd5 12. Bc1 Rad8 13. c3 c5 14. dxc5 Nxc5 15. Nxc5 Bxc5 16. Ne4 Be7 17. Qf3 Nf6 18. Nxf6+ Bxf6 19. Be3 b6 20. Rad1 Qa4 21. Ra1 Qb5 22. Qe2 Qa4 23. Red1 Rxd1+ 24. Qxd1 Qb5 25. Qb3 Qc6 26. Rd1 Rd8 27. Rxd8+ 1/2-1/2

[Event "Sao Paulo Carnaval op"]
[Site "Sao Paulo"]
[Date "2020.02.23"]
[Round "3"]
[White "Vitielo, Alecio Elias"]
[Black "De Jesus, Joao Pedro Mendez"]
[Result "1-0"]
[WhiteElo "1792"]
[BlackElo "1442"]
[PlyCount "71"]
[EventDate "2020.02.22"]
[EventType "swiss"]
[EventRounds "7"]
[EventCountry "BRA"]
[SourceTitle "CBM 195 Extra"]
[Source "ChessBase"]
[SourceDate "2020.05.31"]
[SourceVersion "1"]
[SourceVersionDate "2020.05.31"]
[SourceQuality "1"]

1. e4 c6 2. d4 d5 3. Nc3 dxe4 4. Nxe4 Nf6 5. Nxf6+ exf6 6. Nf3 Bd6 7. Bd3 0-0 8. 0-0 Re8 9. h3 Nd7 10. Re1 Nf8 11. Rxe8 Qxe8 12. Be3 Ng6 13. c3 Nf4 14. Bxf4 Bxf4 15. Qc2 g6 16. Re1 Be6 17. Bc4 Qd7 18. Bxe6 fxe6 19. Qe4 Bc7 20. Qxe6+ Qxe6 21. Rxe6 Kf7 22. Re4 Re8 23. Rxe8 Kxe8 24. Kf1 Ke7 25. Ke2 Ke6 26. Ke3 g5 27. g4 Bf4+ 28. Ke4 b5 29. Ne1 a5 30. Nd3 Bd6 31. b3 h6 32. c4 bxc4 33. bxc4 Be7 34. Nc5+ Kf7 35. Nb7 a4 36. Kf5 1-0

[Event "Florianopolis op 5th"]
[Site "Florianopolis"]
[Date "2019.01.25"]
[Round "7"]
[White "Lima, Vinicius Taishun"]
[Black "Vitielo, Alecio Elias"]
[Result "1-0"]
[WhiteElo "1585"]
[BlackElo "1800"]
[PlyCount "57"]
[EventDate "2019.01.21"]
[EventType "swiss"]
[EventRounds "10"]
[EventCountry "BRA"]
[SourceTitle "CBM 188 Extra"]
[Source "ChessBase"]
[SourceDate "2019.02.28"]
[SourceVersion "1"]
[SourceVersionDate "2019.02.28"]
[SourceQuality "1"]

1. e4 d5 2. exd5 Qxd5 3. d4 Nf6 4. Nc3 Qd8 5. Bc4 Bg4 6. f3 Bf5 7. Nge2 e6 8. 0-0 Be7 9. Ng3 Bg6 10. f4 c6 11. f5 exf5 12. Nce2 h6 13. c3 0-0 14. Nxf5 Bxf5 15. Rxf5 Nbd7 16. Ng3 Nb6 17. Bd3 Qd7 18. Rf3 Nbd5 19. Nf5 Bd6 20. Nxd6 Qxd6 21. Rg3 Nf4 22. Bxf4 Qxf4 23. Qc2 Rae8 24. Rf1 Qd6 25. Kh1 h5 26. Qd2 Qd5 27. Rxf6 h4 28. Rg5 Qxa2 29. Rxg7+ 1-0

[Event "Florianopolis op 5th"]
[Site "Florianopolis"]
[Date "2019.01.22"]
[Round "3"]
[White "Umetsubo, Cesar Hidemitsu"]
[Black "Vitielo, Alecio Elias"]
[Result "1-0"]
[WhiteElo "2407"]
[BlackElo "1800"]
[PlyCount "39"]
[EventDate "2019.01.21"]
[EventType "swiss"]
[EventRounds "10"]
[EventCountry "BRA"]
[SourceTitle "CBM 188 Extra"]
[Source "ChessBase"]
[SourceDate "2019.02.28"]
[SourceVersion "1"]
[SourceVersionDate "2019.02.28"]
[SourceQuality "1"]

1. c4 Nf6 2. Nc3 e6 3. d4 d5 4. cxd5 exd5 5. Bg5 Be7 6. e3 0-0 7. Bd3 h6 8. Bh4 Re8 9. Qc2 c6 10. Nge2 Nbd7 11. f3 Nb6 12. 0-0 Nh5 13. Bxe7 Qxe7 14. e4 Nf6 15. e5 Nfd7 16. f4 a6 17. Ng3 Nf8 18. Qb3 Nbd7 19. Nf5 Qe6 20. Nxg7 1-0

[Event "Florianopolis op 4th"]
[Site "Florianopolis"]
[Date "2018.01.20"]
[Round "3"]
[White "Vitielo, Alecio Elias"]
[Black "Nobre, Jailson Altair Barb"]
[Result "1/2-1/2"]
[WhiteElo "1872"]
[BlackElo "1711"]
[PlyCount "101"]
[EventDate "2018.01.19"]
[EventType "swiss"]
[EventRounds "10"]
[EventCountry "BRA"]
[SourceTitle "CBM 182 Extra"]
[Source "ChessBase"]
[SourceDate "2018.02.23"]
[SourceVersion "1"]
[SourceVersionDate "2018.02.23"]
[SourceQuality "1"]

1. e4 c5 2. c3 d5 3. exd5 Qxd5 4. Nf3 Bg4 5. Qa4+ Bd7 6. Qf4 Nf6 7. Bc4 Qh5 8. 0-0 e6 9. Na3 a6 10. Be2 Qd5 11. Nc2 Be7 12. Bc4 Qd6 13. Qxd6 Bxd6 14. d4 Nc6 15. dxc5 Bxc5 16. Be3 Bxe3 17. Nxe3 0-0 18. Rad1 Rfd8 19. Rfe1 Ne7 20. Ne5 Ba4 21. b3 Be8 22. Rxd8 Rxd8 23. Bf1 Nc6 24. Nf3 Nd5 25. Nxd5 Rxd5 26. c4 Rd8 27. Be2 Nb4 28. a4 a5 29. Rd1 Rxd1+ 30. Bxd1 f6 31. Nd2 Bg6 32. c5 Bd3 33. Bf3 Na6 34. c6 bxc6 35. Bxc6 Nc5 36. Bb5 Bxb5 37. axb5 Nb7 38. Kf1 e5 39. Ke2 Kf7 40. Kd3 f5 41. Kc4 Ke6 42. b6 Kd7 43. Kd5 e4 44. Nc4 Kc8 45. h4 g6 46. g3 Kb8 47. Kc6 Kc8 48. Kd5 Kb8 49. Kc6 Kc8 50. Kd5 Kb8 51. Kc6 1/2-1/2

[Event "Sao Sebastiao do Paraiso op 1st"]
[Site "Sao Sebastiao do Paraiso"]
[Date "2017.08.20"]
[Round "5"]
[White "Vitielo, Alecio Elias"]
[Black "Brito, Luismar"]
[Result "0-1"]
[WhiteElo "1858"]
[BlackElo "2226"]
[PlyCount "74"]
[EventDate "2017.08.18"]
[EventType "swiss"]
[EventRounds "6"]
[EventCountry "BRA"]
[SourceTitle "CBM 180 Extra"]
[Source "ChessBase"]
[SourceDate "2017.10.06"]
[SourceVersion "1"]
[SourceVersionDate "2017.10.06"]
[SourceQuality "1"]

1. e4 c5 2. c3 Nf6 3. e5 Nd5 4. Nf3 Nc6 5. Bc4 Nb6 6. Bb3 d5 7. exd6 e5 8. d3 Bxd6 9. Ng5 Be6 10. Nxe6 fxe6 11. Bxe6 Qf6 12. Qg4 Nd8 13. Bb3 h5 14. Qh3 g5 15. Qe3 Be7 16. Nd2 g4 17. Ne4 Qc6 18. Qg3 Nd7 19. h3 Ne6 20. hxg4 h4 21. Qh3 0-0-0 22. g5 Ng7 23. Qg4 Kb8 24. g6 Nf6 25. Nxf6 Qxf6 26. Rh3 Rh5 27. Rf3 Rf5 28. Rxf5 Nxf5 29. Bf7 Rxd3 30. Qc4 Qd6 31. Qg4 Qf6 32. Qc4 h3 33. gxh3 Rxh3 34. Qe6 Rh1+ 35. Ke2 Ng3+ 36. Kd3 Qf3+ 37. Be3 Qe2# 0-1

[Event "Maravilhosa-ch op"]
[Site "Maravilhosa"]
[Date "2016.01.23"]
[Round "3"]
[White "Vitielo, Alecio Elias"]
[Black "Leite, Tarcisio Dantas Fro"]
[Result "1-0"]
[WhiteElo "1882"]
[BlackElo "1656"]
[PlyCount "71"]
[EventDate "2016.01.22"]
[EventType "swiss"]
[EventRounds "6"]
[EventCountry "BRA"]
[SourceTitle "CBM 170 Extra"]
[Source "ChessBase"]
[SourceDate "2016.02.25"]
[SourceVersion "1"]
[SourceVersionDate "2016.02.25"]
[SourceQuality "1"]

1. e4 e5 2. Nf3 Nc6 3. Bb5 a6 4. Bxc6 dxc6 5. 0-0 Bg4 6. h3 h5 7. d3 Bc5 8. Qe2 Bxf3 9. Qxf3 Qd6 10. Nd2 b5 11. a4 Qe6 12. Nb3 Bd6 13. Be3 Ne7 14. Nc5 Bxc5 15. Bxc5 Ng6 16. axb5 cxb5 17. Ra5 Nf4 18. b4 g5 19. Kh2 g4 20. Qe3 gxh3 21. g3 Ng6 22. Rfa1 Kd7 23. d4 Rhc8 24. dxe5 Nxe5 25. f3 Nc4 26. Qd4+ Kc6 27. Rxa6+ Rxa6 28. Rxa6+ Nb6 29. Bxb6 Kb7 30. Ra7+ Kb8 31. Bc5 h4 32. g4 Re8 33. Qa1 Kc8 34. Ra8+ Kd7 35. Qd1+ Kc6 36. Ra6+ 1-0

[Event "Sao Paulo Hebraica op 23rd"]
[Site "Sao Paulo"]
[Date "2016.01.10"]
[Round "6"]
[White "Sangiovanni, Marcello Gouveia"]
[Black "Vitielo, Alecio Elias"]
[Result "1/2-1/2"]
[WhiteElo "1662"]
[BlackElo "1882"]
[PlyCount "97"]
[EventDate "2016.01.08"]
[EventType "swiss"]
[EventRounds "6"]
[EventCountry "BRA"]
[SourceTitle "CBM 170 Extra"]
[Source "ChessBase"]
[SourceDate "2016.02.25"]
[SourceVersion "1"]
[SourceVersionDate "2016.02.25"]
[SourceQuality "1"]

1. e4 d5 2. exd5 Nf6 3. Nc3 Nxd5 4. Nxd5 Qxd5 5. d4 Nc6 6. Be3 e6 7. Nf3 Be7 8. a3 Bf6 9. c4 Qd6 10. Qd2 0-0 11. Be2 Re8 12. 0-0 Bd7 13. Rfd1 h6 14. Rac1 Rad8 15. b4 Bc8 16. b5 Nb8 17. Qc3 c5 18. bxc6 Nxc6 19. Qd3 e5 20. dxe5 Qxd3 21. Bxd3 Nxe5 22. Nxe5 Bxe5 23. Bxa7 Bb2 24. Rb1 Bxa3 25. c5 Bb2 26. g3 Bc3 27. Bb5 Rxd1+ 28. Rxd1 Re1+ 29. Rxe1 Bxe1 30. Bb8 Bb4 31. Bd6 b6 32. Kf1 Bxc5 33. Be5 Bh3+ 34. Ke2 Be6 35. Bf4 Kf8 36. Be5 Bd5 37. h3 f6 38. Bc7 Ke7 39. Bf4 Be6 40. g4 Bd7 41. Bxd7 Kxd7 42. Bd2 Ke6 43. f4 Kd5 44. Kd3 b5 45. Bc3 b4 46. Bb2 b3 47. g5 hxg5 48. fxg5 fxg5 49. Bxg7 1/2-1/2

[Event "Rio Claro IRT U2200 3rd"]
[Site "Rio Claro"]
[Date "2015.11.22"]
[Round "4.9"]
[White "Polsak da Rocha, Yure H"]
[Black "Vitielo, Alecio Elias"]
[Result "0-1"]
[WhiteElo "1418"]
[BlackElo "1962"]
[PlyCount "108"]
[EventDate "2015.11.21"]
[EventType "swiss"]
[EventRounds "5"]
[EventCountry "BRA"]
[SourceTitle "EXT 2022"]
[Source "ChessBase"]
[SourceDate "2021.10.06"]
[SourceVersion "1"]
[SourceVersionDate "2021.10.06"]
[SourceQuality "1"]

1. e4 d5 2. exd5 Nf6 3. Nc3 Nxd5 4. Nxd5 Qxd5 5. Nf3 Bg4 6. Be2 e6 7. c4 Qa5 8. 0-0 Be7 9. a3 0-0 10. b4 Bxb4 11. Qb3 Bd6 12. Qxb7 Nd7 13. Qb5 Qxb5 14. cxb5 Ne5 15. d4 Nxf3+ 16. gxf3 Bf5 17. a4 Rfd8 18. Be3 Bc2 19. a5 Bb3 20. Rab1 Bd5 21. h4 Rab8 22. Rfc1 Rb7 23. Kg2 h6 24. Bc4 Bxc4 25. Rxc4 Rdb8 26. Rc6 Rxb5 27. Rxb5 Rxb5 28. a6 Rd5 29. f4 Kf8 30. Kf3 Ke8 31. Rc1 Ra5 32. d5 Rxa6 33. dxe6 fxe6 34. Re1 Kf7 35. Kg4 Ra2 36. Rb1 a5 37. Bd4 Ra4 38. Be3 e5 39. Rc1 exf4 40. Bc5 Be5 41. Re1 Ke6 42. Rd1 Rc4 43. Ba7 a4 44. Rd2 a3 45. Re2 Ra4 46. Bb8 a2 47. Bxc7 a1Q 48. Bxe5 Qxe5 49. Rxe5+ Kxe5 50. f3 g6 51. Kh3 Kd4 52. Kg4 Ke3 53. h5 gxh5+ 54. Kh3 Kxf3 0-1

[Event "Rio Claro IRT U2200 3rd"]
[Site "Rio Claro"]
[Date "2015.11.22"]
[Round "5.7"]
[White "Vitielo, Alecio Elias"]
[Black "Cardoso, Julia Aguiar Vieira"]
[Result "1/2-1/2"]
[WhiteElo "1962"]
[BlackElo "1749"]
[PlyCount "116"]
[EventDate "2015.11.21"]
[EventType "swiss"]
[EventRounds "5"]
[EventCountry "BRA"]
[SourceTitle "EXT 2022"]
[Source "ChessBase"]
[SourceDate "2021.10.06"]
[SourceVersion "1"]
[SourceVersionDate "2021.10.06"]
[SourceQuality "1"]

1. e4 e5 2. Nf3 Nc6 3. Bb5 Bc5 4. c3 d6 5. d4 exd4 6. cxd4 Bb4+ 7. Bd2 Bxd2+ 8. Nbxd2 Bd7 9. 0-0 Nf6 10. Re1 0-0 11. Bc4 Bg4 12. Qc2 d5 13. exd5 Nxd5 14. Ne5 Nxe5 15. dxe5 Nb4 16. Qc3 Nc6 17. Nb3 Qe7 18. Re3 Be6 19. Bxe6 Qxe6 20. Nc5 Qd5 21. Nb3 Rad8 22. Rae1 Rfe8 23. h3 Re6 24. Qc5 h6 25. f4 b6 26. Qxd5 Rxd5 27. Rc3 Nd4 28. Rxc7 Nxb3 29. axb3 Rd2 30. Ra1 a5 31. b4 Rxb2 32. bxa5 bxa5 33. Rxa5 Rb8 34. f5 Ree8 35. Raa7 Rxe5 36. Rxf7 Kh8 37. Kh2 h5 38. Kg3 Rc8 39. Kf4 Re2 40. g4 hxg4 41. hxg4 Rh2 42. Kg5 Rh3 43. Kf4 Rh1 44. g5 Rh4+ 45. Ke5 Rg4 46. g6 Rg2 47. Kf4 Rg1 48. Ra3 Rh1 49. Rg3 Rh2 50. Kg4 Rh1 51. Rh3+ Rxh3 52. Kxh3 Re8 53. Kg4 Kg8 54. Rb7 Kf8 55. Kg5 Re5 56. Rb8+ Re8 57. Rxe8+ Kxe8 58. f6 gxf6+ 1/2-1/2

[Event "Sao Paulo Freitas Memorial"]
[Site "Sao Paulo"]
[Date "2015.10.10"]
[Round "1"]
[White "Vitielo, Alecio Elias"]
[Black "De Souza, Cristiano Gomes"]
[Result "1/2-1/2"]
[WhiteElo "1817"]
[BlackElo "2007"]
[PlyCount "69"]
[EventDate "2015.10.10"]
[EventType "swiss"]
[EventRounds "6"]
[EventCountry "BRA"]
[SourceTitle "CBM 168 Extra"]
[Source "ChessBase"]
[SourceDate "2015.10.29"]
[SourceVersion "1"]
[SourceVersionDate "2015.10.29"]
[SourceQuality "1"]

1. e4 c5 2. c3 d6 3. d4 Nf6 4. dxc5 Nc6 5. f3 dxc5 6. Qxd8+ Kxd8 7. Be3 e5 8. Bc4 Be6 9. Bxe6 fxe6 10. Na3 Kc7 11. 0-0-0 a6 12. Ne2 Be7 13. b3 Rhf8 14. Rd2 b5 15. Kb2 Rad8 16. Rhd1 Rxd2+ 17. Rxd2 Nh5 18. Nc2 Nf4 19. Ne1 c4 20. Ng1 b4 21. Ne2 Nxe2 22. Rxe2 bxc3+ 23. Kxc3 cxb3 24. axb3 Bb4+ 25. Kc2 Kb7 26. Nd3 Rc8 27. Nxb4 Nxb4+ 28. Kb2 a5 29. Rd2 Rc7 30. Bg5 Kc6 31. Bd8 Ra7 32. Ka3 Kc5 33. Ka4 Nc6 34. Rc2+ Kd6 35. Rd2+ 1/2-1/2